Podaj państwo według 5 miast - wersja łatwa - Statystyki

Ogólne statystyki
  • Ten quiz został rozwiązany 38 razy
  • Średni wynik to 10 z 15
Statystyki odpowiedzi
Miasta Państwo % Poprawnych
Osaka, Sapporo, Kawasaki, Kioto, Hiroshima Japonia
94%
Ostrawa, Liberec, Hradec Králové, Pardubice, Uście nad Łabą Czechy
89%
Vancouver, Edmonton, Winnipeg, Hamilton, London Kanada
89%
Tuluza, Nantes, Strasburg, Lille, Tulon Francja
83%
Rijeka, Zadar, Pula, Karlovac, Szybernik Chorwacja
80%
Grodno, Witebsk, Mohylew, Bobrujsk, Borysów Białoruś
71%
Odense, Frederiksberg, Esbjerg, Randers,Horsens Dania
71%
Ecatepec, León, Puebla, Ciudad Juarez, Guadalajara Meksyk
71%
Koszyce, Preszów, Nitra, Trnawa, Martin Słowacja
71%
Mumbaj, Kolkata, Bengaluru, Ahmadabad, Surat Indie
69%
Inczhon, Taejŏn, Kwangdzu, Ulsan, Goyang Korea Południowa
57%
Pak Kret, Hat Yai, Surat Thani, Chiang Mai, Pattaya Tajlandia
54%
Basra, Irbil, Kirkuk, As-Sulajmanijja, Karbala Irak
49%
Maracaibo, Valencia, Maracay, Petare, Ciudad Bolívar Wenezuela
43%
Surabaja, Medan, Depok, Palembang, Tangerang Południowy Indonezja
37%
Nie znaleziono quizów pasujących do podanych kryteriów
Rozkład punktacji
Procent ludzi z każdym wynikiem
Percentyl według liczby udzielonych odpowiedzi
Twoja historia wyników
Nie rozwiązałeś tego quizu